Score 0/11 Timer 02:00
7 Plays Today
% Correct
Arkansas
78.6%
Michigan
78.3%
Colorado
77.6%
Illinois
76.2%
Kentucky
74.8%
Delaware
72.8%
Virginia
70.5%
Nebraska
69%
Missouri
68.9%
Maryland
67.6%
Oklahoma
64.5%
Remove Ads.
Support Sporcle.
Get the best of Sporcle when you Go Orange. This ad-free experience offers more features, more stats, and more fun while also helping to support Sporcle. Thank you for becoming a member.

You're not logged in!

Compare scores with friends on all Sporcle quizzes.
OR
Log In

Show Comments

Extras

Top Quizzes Today


Score Distribution

Your Account Isn't Verified!

In order to create a playlist on Sporcle, you need to verify the email address you used during registration. Go to your Sporcle Settings to finish the process.

Report this User

Report this user for behavior that violates our Community Guidelines.

Details: